000 00455nam a2200193Ia 4500
008 240509s9999 xx 000 0 und d
020 _a0000256021015
041 _aEng
082 _a519.67
082 _bH16
100 _aHarwood, G.B.:
245 0 _aSELF-REVIEW IN QUANTITATIVE METHODS
260 _bHomewood, Ill, : Richard D. Irwin
260 _c1979
300 _a166 p.
650 _aQUANTITATIVE METHODS
942 _2ddc
942 _cLBK
999 _c22203
_d22203
945 _a1
_bMadushi Gamage
_c1
_dMadushi Gamage